00296nam a2200133Ia 4500003000400000005001700004008004100021040001000062082001600072100001900088245002400107260001900131600001200150OSt20260512124506.0241002s9999 xx 000 0 und d cAACR2 a954.905 WHE aWaheed, Khalid 4aThe Winds of Change aKarachi:c1971 aHistory